Obálka Náhled e-knihy:
PDF Epub
Pro půjčování e-knih musíte být přihlášeni.
Jak si půjčit online?

Lucia /

Vyšetřovatelka Lucia a skupina budoucích kriminalistů pátrají po sériovém vrahovi se zálibou v renesančním umění.

Uloženo v:
Série:Lucia, část 1
Hlavní autor: Minier, Bernard, 1960- (Autor)
Další autoři: Žák, Jiří, 1946-2024 (Autor)
Médium: E-kniha
Jazyk:Czech
Vydáno: V Praze : XYZ, 2022
Vydání:První vydání
Témata:
Příbuzné jednotky:Z cyklu:: Lucia
Tagy:
Žádné tagy
LEADER 02493nam a2200493 i 4500
001 311685
003 CZ PrSKC
005 20260601215710.0
007 ta
008 221018s2022 xr be g 000 f cze
015 |a cnb003464639 
020 |a 9788076832213  |q (vázáno) 
035 |a (OCoLC)1354195111 
040 |a ABG001  |b cze  |e rda 
041 1 |a cze  |h fre 
072 7 |a 821.133.1-3  |x Francouzská próza, francouzsky psaná  |2 Konspekt 
080 |a 821.133.1-31  |2 MRF 
080 |a (0:82-312.4)  |2 MRF 
100 1 |a Minier, Bernard,  |d 1960-  |7 xx0192250  |4 aut 
240 1 0 |a Lucia.  |l Česky 
245 1 0 |a Lucia /  |c Bernard Minier ; překlad Jiří Žák 
250 |a První vydání 
264 1 |a V Praze :  |b XYZ,  |c 2022 
300 |a 472 stran :  |b 1 mapa, plány ;  |c 22 cm 
336 |a text  |b txt  |2 rdacontent 
337 |a bez média  |b n  |2 rdamedia 
338 |a svazek  |b nc  |2 rdacarrier 
500 |a Přeloženo z francouzštiny 
520 2 |a Vyšetřovatelka Lucia a skupina budoucích kriminalistů pátrají po sériovém vrahovi se zálibou v renesančním umění.  |b Skupina studentů kriminologie na univerzitě v Salamance odhalí existenci vraha, který už několik desetiletí uniká spravedlnosti a aranžuje své oběti podle renesančních obrazů. Vyšetřovatelka Lucia Guerrero najde v Madridu svého parťáka ukřižovaného na Kalvárii a vydá se po stopě jeho vraha. Všichni jsou konfrontováni se svou vlastní minulostí, se svými nejhlubšími hrůzami a s pravdou ohavnější než všechny legendy a mýty. Nakladatelská anotace. 
546 |a Český text 
655 7 |a francouzské romány  |7 fd132289  |2 czenas 
655 7 |a detektivní romány  |7 fd132010  |2 czenas 
655 7 |a thrillery (romány)  |7 fd184206  |2 czenas 
655 9 |a French fiction  |2 eczenas 
655 9 |a detective novels  |2 eczenas 
655 9 |a thrillers (novels)  |2 eczenas 
700 1 |a Žák, Jiří,  |d 1946-2024  |7 jk01152981  |4 trl 
787 0 8 |i Z cyklu:  |t Lucia  |g 1 
900 |a ABA001  |b 21 
928 9 |a Albatros Media - XYZ 
044 |a xr 
910 |a RBIT002 
998 |d 361283  |a https://core.palmknihy.cz/api/books/361283/cover?si63da  |b https://core.palmknihy.cz/api/books/361283/cover/400?si63da  |c https://core.palmknihy.cz/api/books/361283/cover/50?si63da  |e 2027-04-21  |g 480  |i 9788076832213  |j https://core.palmknihy.cz/api/books/361283/preview.epub  |k https://core.palmknihy.cz/api/books/361283/preview.pdf  |l   |q 49  |r 1  |s https://www.palmknihy.cz/kniha/361283  |t ebook  |y 2022  |z 0 
999 |d 311683